000 00368nam a22001697a 4500
003 UA-OsUOA
001 4156
007 ta
008 20050721b un ||||| |||| 00| 0 ukr d
100 _aClason
700 _aW. E.
942 _cBK
040 _aUA-OsUOA
_cUA-OsUOA
_dUA-OsUOA
245 _aLexicon of International and National Units.
955 _a2
650 7 _2UDC
999 _c290318
_d290318